| 000 | 00359nam a22001337a 4500 | ||
|---|---|---|---|
| 082 |
_a621.8 _bDYN _cL5, P-5 |
||
| 100 |
_a Hartman, James Busse _941946 |
||
| 245 | _aDynamics of machinery | ||
| 260 |
_aNew York _bMcGraw-Hill _c1956 |
||
| 300 |
_a283 p. _b ill. ; _c24 cm |
||
| 526 |
_a0 _b0 _c0 _d621_800000000000000_DYN |
||
| 650 |
_aMCE _9379 |
||
| 942 |
_2ddc _cBK |
||
| 999 |
_c545962 _d545962 |
||